00632nam a2200193 a 450000100100000000500170001000800410002702000150006804000250008308200180010824500230012626000610014930000210021065000300023165000290026104900090029095201220029999900170042100002122920200930011252.0100902s1996 sp r 000 | spa d a8488490011 aDO-SdBNPbspacBNPHU aU860.44bU82l00aUruguay literario. aMadrid, (España) :bCasa Apuntes de América ,c1996. a130 p. ;c17 cm. 4aLiteratura uruguaya93054 4aAutores uruguayos944372 aBNGR 001054708MOaGRbGRcCTd2010-09-02iLF1l0oU860.44 U82lp21229-10r2020-06-25w2020-06-25y4ZPréstamo en sala c20730d20730